和中国城市为友好城市的韩国城市(城市点位地图版) - Statistics

General Stats
  • This quiz has been taken 6 times
  • The average score is 34 of 77
Answers on the Map
Answers color-coded by a green-red scale on the quiz's map according to % correct below.
 
Answer Stats
中方城市所属省份 中方城市 外方城市 % Correct
北京市 北京市 首尔特别市
100%
上海市 上海市 釜山广域市
100%
天津市|辽宁省|重庆市 沈阳市|天津市|辽宁省|重庆市 仁川广域市
100%
浙江省|山东省|四川省 青岛市|浙江省|山东省|四川省 大邱广域市
100%
辽宁省|江苏省 沈阳市|辽宁省|江苏省 大田广域市
100%
湖北省 湖北省 清州市
100%
山东省 山东省 广州市
100%
贵州省|陕西省 贵州省|贵州省|陕西省 世宗特别自治市
100%
江苏省|安徽省|陕西省 池州市|江苏省|安徽省|陕西省 庆州市
100%
山西省|广东省 长治市|山西省|广东省 光州广域市
83%
浙江省|山东省|广东省 济南市|浙江省|山东省|广东省 水原市
83%
吉林省|江苏省 长春市|吉林省|江苏省 蔚山广域市
83%
江苏省|安徽省|四川省 马鞍山市|江苏省|安徽省|四川省 昌原市
83%
吉林省 吉林省 浦项市
83%
广西壮族自治区 广西壮族自治区 济州市
83%
山东省 山东省 金浦市
83%
辽宁省 辽宁省 坡州市
83%
河北省|江苏省|河南省 常州市|河北省|江苏省|河南省 春川市
83%
上海市|浙江省|海南省 杭州市|上海市|浙江省|海南省 西归浦市
83%
河北省 河北省 天安市
67%
江苏省|青海省 苏州市|江苏省|青海省 全州市
67%
辽宁省 辽宁省 议政府市
67%
浙江省|山东省 杭州市|浙江省|山东省 丽水市
67%
黑龙江省|河南省 大庆市|黑龙江省|河南省 忠州市
67%
江西省 江西省 尚州市
67%
江苏省 江苏省 龙仁市
50%
黑龙江省 黑龙江省 富川市
50%
江苏省 江苏省 金海市
50%
湖南省|四川省|陕西省 广安市|湖南省|四川省|陕西省 龟尾市
50%
辽宁省|广东省 大连市普兰店区|辽宁省|广东省 牙山市
50%
江苏省 江苏省 巨济市
50%
江苏省|福建省 连云港市|江苏省|福建省 木浦市
50%
浙江省|湖北省|四川省 荆州市|浙江省|湖北省|四川省 江陵市
50%
河南省 河南省 东豆川市
50%
吉林省 吉林省 束草市
50%
黑龙江省|山东省 齐齐哈尔市|黑龙江省|山东省 高阳市
33%
河北省|江苏省 邢台市|河北省|江苏省 华城市
33%
辽宁省 辽宁省 安山市
33%
江苏省 江苏省 南杨州市
33%
山东省 山东省 安养市
33%
安徽省 安徽省 原州市
33%
山东省 山东省 河南市
33%
山东省 山东省 杨州市
33%
山东省|宁夏回族自治区 日照市|山东省|宁夏回族自治区 唐津市
33%
河南省|陕西省 平顶山市|河南省|陕西省 安东市
33%
四川省 四川省 金泉市
33%
江西省 江西省 罗州市
33%
黑龙江省|山东省 鸡西市|黑龙江省|山东省 三陟市
33%
江西省|湖北省 宜春市高安市|江西省|湖北省 太白市
33%
辽宁省|广东省 沈阳市|辽宁省|广东省 城南市
17%
山东省 山东省 始兴市
17%
河南省|陕西省 郑州市|河南省|陕西省 晋州市
17%
内蒙古自治区|山东省|宁夏回族自治区 青岛市胶南市|内蒙古自治区|山东省|宁夏回族自治区 庆山市
17%
山东省 山东省 军浦市
17%
江苏省|山东省|广东省 烟台市|江苏省|山东省|广东省 群山市
17%
新疆维吾尔自治区 新疆维吾尔自治区 乌山市
17%
江西省 江西省 利川市
17%
安徽省|湖南省 淮北市|安徽省|湖南省 抱川市
17%
广东省 广东省 光阳市
17%
江苏省|江西省|湖北省|广西壮族自治区|四川省 玉林市|江苏省|江西省|湖北省|广西壮族自治区|四川省 堤川市
17%
河北省 河北省 论山市
17%
江苏省 江苏省 井邑市
17%
江苏省 江苏省 金堤市
17%
江苏省 江苏省 南原市
17%
广西壮族自治区 广西壮族自治区 果川市
17%
江苏省 江苏省 益山市
0%
山西省|江西省 太原市|山西省|江西省 顺天市
0%
广东省 广东省 安城市
0%
河北省|江苏省 秦皇岛市|河北省|江苏省 九里市
0%
山东省 山东省 瑞山市
0%
山东省 山东省 镇海区
0%
山西省|湖北省 运城市|山西省|湖北省 义王市
0%
江苏省|安徽省|广东省 亳州市|江苏省|安徽省|广东省 荣州市
0%
福建省 福建省 密阳市
0%
河南省 河南省 永川市
0%
吉林省|黑龙江省 延边州图们市|吉林省|黑龙江省 东海市
0%
江苏省 江苏省 闻庆市
0%
No matching quizzes found
Score Distribution
Percent of People with Each Score
Percentile by Number Answered
Your Score History
You have not taken this quiz